Normal view
MARC view
- AYAZ MAHMOOD KHAN
Entry Personal Name
001 - CONTROL NUMBER
- control field: 70371
003 - CONTROL NUMBER IDENTIFIER
- control field: NUST
005 - DATE AND TIME OF LATEST TRANSACTION
- control field: 20210628204437.0
008 - FIXED-LENGTH DATA ELEMENTS
- fixed length control field: 210628|| aca||aabn | a|a d
040 ## - CATALOGING SOURCE
- Original cataloging agency: NUST
- Transcribing agency: NUST
100 ## - HEADING--PERSONAL NAME
- Personal name: AYAZ MAHMOOD KHAN
670 ## - SOURCE DATA FOUND
- Source citation: Work cat.: (NUST): AYAZ MAHMOOD KHAN, TH-SOF-1165-Failure and Random Vibration Response Analysis of a Tracked Vehicle Balance Arm for Fatigue Life Estimation, 2015
